[Event "Moscow Aeroflot op-A"]
[Site "Moscow"]
[Date "2020.02.26"]
[Round "8"]
[White "Gokerkan, Cem Kaan"]
[Black "Lazavik, Denis"]
[Result "1-0"]
[WhiteElo "2461"]
[BlackElo "2428"]
[PlyCount "95"]
[EventDate "2020.02.19"]
[EventType "swiss"]
[EventRounds "9"]
[EventCountry "RUS"]
[SourceTitle "CBM 195"]
[Source "ChessBase"]
[SourceDate "2020.04.30"]
[SourceVersion "1"]
[SourceVersionDate "2020.04.30"]
[SourceQuality "1"]

1. e4 e5 2. Nf3 Nc6 3. Bb5 a6 4. Ba4 Nf6 5. O-O Be7 6. Re1 b5 7. Bb3 d6 8. c3
O-O 9. h3 Bb7 10. d4 Re8 11. Nbd2 Bf8 12. a3 h6 13. Bc2 Nb8 14. b3 Nbd7 15. Bb2
c6 16. b4 Qc7 17. Rc1 c5 18. bxc5 dxc5 19. dxe5 Nxe5 20. c4 Nxf3+ 21. Qxf3 Nd7
22. Qg4 Ne5 23. Qg3 Rad8 24. Nf1 Qe7 25. cxb5 axb5 26. f4 Nc4 27. Ba1 Nd2 28.
Nxd2 Rxd2 29. Bc3 Rdd8 30. Re2 b4 31. axb4 cxb4 32. Bb2 Ba6 33. Rf2 Qa7 34. Kh2
Bd3 35. e5 Bxc2 36. Rcxc2 Rd1 37. f5 Qb8 38. Rc6 Kh7 39. h4 Qb5 40. Rc7 Rd7 41.
Rxd7 Qxd7 42. Qg4 Kg8 43. h5 Bc5 44. Rf4 Bf8 45. Qg3 Qd2 46. e6 Kh8 47. exf7
Re3 48. Qxg7+ 1-0

[Event "Moscow Aeroflot op-A"]
[Site "Moscow"]
[Date "2020.02.26"]
[Round "8"]
[White "Idani, Pouya"]
[Black "Zhou, Jianchao"]
[Result "1/2-1/2"]
[WhiteElo "2577"]
[BlackElo "2622"]
[PlyCount "85"]
[EventDate "2020.02.19"]
[EventType "swiss"]
[EventRounds "9"]
[EventCountry "RUS"]
[SourceTitle "CBM 195"]
[Source "ChessBase"]
[SourceDate "2020.04.30"]
[SourceVersion "1"]
[SourceVersionDate "2020.04.30"]
[SourceQuality "1"]

1. e4 c5 2. Nf3 d6 3. d4 cxd4 4. Nxd4 Nf6 5. Nc3 a6 6. Be3 e5 7. Nf3 Be7 8. Nd2
b5 9. a4 b4 10. Nd5 Nxd5 11. exd5 Nd7 12. a5 O-O 13. Nc4 f5 14. f3 Bg5 15. Bxg5
Qxg5 16. Qd2 Qxd2+ 17. Kxd2 Rd8 18. Nxd6 Nf6 19. Nc4 Rxd5+ 20. Kc1 Rb8 21. Nb6
Rc5 22. Bc4+ Kf8 23. b3 Bb7 24. Rd1 Ke7 25. Kb2 Rd8 26. Rxd8 Kxd8 27. c3 bxc3+
28. Kxc3 f4 29. Rd1+ Ke7 30. Kb4 Rc7 31. Re1 Kd6 32. Rd1+ Ke7 33. Re1 Kd6 34.
Bd3 e4 35. Nc4+ Ke6 36. Bxe4 Bxe4 37. fxe4 g5 38. h3 h5 39. Kc3 Rd7 40. Nb2
Rc7+ 41. Kd2 Nd7 42. e5 Rc5 43. b4 1/2-1/2

[Event "Moscow Aeroflot op-A"]
[Site "Moscow"]
[Date "2020.02.26"]
[Round "8"]
[White "Iljiushenok, Ilia"]
[Black "Makarian, Rudik"]
[Result "1-0"]
[WhiteElo "2519"]
[BlackElo "2414"]
[PlyCount "99"]
[EventDate "2020.02.19"]
[EventType "swiss"]
[EventRounds "9"]
[EventCountry "RUS"]
[SourceTitle "CBM 195"]
[Source "ChessBase"]
[SourceDate "2020.04.30"]
[SourceVersion "1"]
[SourceVersionDate "2020.04.30"]
[SourceQuality "1"]

1. e4 e5 2. Nc3 Nf6 3. g3 d5 4. exd5 Nxd5 5. Bg2 Nxc3 6. bxc3 Nc6 7. Nf3 Bd6 8.
O-O O-O 9. d4 h6 10. Re1 exd4 11. cxd4 Bf5 12. Rb1 Rb8 13. d5 Na5 14. Bb2 c5
15. dxc6 bxc6 16. Qd4 Qf6 17. Qxf6 gxf6 18. Bc3 Bc7 19. Nd4 Rxb1 20. Rxb1 Bg6
21. Nxc6 Nxc6 22. Bxc6 Be5 23. Bxe5 fxe5 24. Rb7 Rc8 25. Ba4 Bxc2 26. Bxc2 Rxc2
27. Rxa7 Kg7 28. a4 Ra2 29. a5 Kg6 30. a6 f6 31. Ra8 h5 32. Kg2 Kf5 33. a7 Ra3
34. h3 Ra2 35. g4+ hxg4 36. hxg4+ Ke4 37. Kg3 Ra1 38. Rf8 Rxa7 39. Rxf6 Ra1 40.
g5 Rg1+ 41. Kh4 Kd5 42. g6 e4 43. Kh5 Ke5 44. Rf8 Ke6 45. Kh6 Rh1+ 46. Kg7 Rh4
47. Kg8 Kd7 48. g7 Ke7 49. Rf5 Rh2 50. Rf4 1-0

[Event "Moscow Aeroflot op-A"]
[Site "Moscow"]
[Date "2020.02.26"]
[Round "8"]
[White "Indjic, Aleksandar"]
[Black "Shimanov, Aleksandr"]
[Result "0-1"]
[WhiteElo "2622"]
[BlackElo "2587"]
[PlyCount "114"]
[EventDate "2020.02.19"]
[EventType "swiss"]
[EventRounds "9"]
[EventCountry "RUS"]
[SourceTitle "CBM 195"]
[Source "ChessBase"]
[SourceDate "2020.04.30"]
[SourceVersion "1"]
[SourceVersionDate "2020.04.30"]
[SourceQuality "1"]

1. d4 Nf6 2. c4 g6 3. Nc3 Bg7 4. Nf3 d6 5. e4 O-O 6. Be2 e5 7. O-O Nc6 8. d5
Ne7 9. b4 Nh5 10. g3 f5 11. Ng5 Nf6 12. Bf3 c6 13. dxc6 bxc6 14. exf5 gxf5 15.
b5 h6 16. Nh3 Be6 17. bxc6 Bxc4 18. Re1 Qc7 19. Ba3 Rfd8 20. Qa4 d5 21. Nf4
Nxc6 22. Ne6 Qd7 23. Nxd8 Rxd8 24. Be2 Bxe2 25. Nxe2 Ne4 26. Rec1 Nd4 27. Qxd7
Nxe2+ 28. Kf1 N2xg3+ 29. hxg3 Rxd7 30. Rc8+ Kf7 31. Rac1 Nd2+ 32. Ke2 Nc4 33.
Bc5 e4 34. Rd1 Nb2 35. Rb1 d4 36. Ba3 Na4 37. Kd2 Nc3 38. Rb3 Bf6 39. Rcb8 Bg5+
40. Ke1 Kg6 41. Bb2 Nxa2 42. R3b7 Rd5 43. Rxa7 Nc3 44. Rc7 Na4 45. Bc1 Kh5 46.
Rg8 Kg4 47. Rc4 Nc5 48. Bxg5 hxg5 49. Rc8 Nd3+ 50. Ke2 Ne5 51. R4c5 d3+ 52. Kd1
Rxc5 53. Rxc5 Nf3 54. Rd5 Kh3 55. Ra5 Kg2 56. Ra2 Kf1 57. Rb2 d2 0-1

[Event "Moscow Aeroflot op-A"]
[Site "Moscow"]
[Date "2020.02.26"]
[Round "8"]
[White "Ivic, Velimir"]
[Black "Vignesh, NR."]
[Result "1-0"]
[WhiteElo "2558"]
[BlackElo "2436"]
[PlyCount "123"]
[EventDate "2020.02.19"]
[EventType "swiss"]
[EventRounds "9"]
[EventCountry "RUS"]
[SourceTitle "CBM 195"]
[Source "ChessBase"]
[SourceDate "2020.04.30"]
[SourceVersion "1"]
[SourceVersionDate "2020.04.30"]
[SourceQuality "1"]

1. e4 c5 2. Nf3 d6 3. d4 cxd4 4. Nxd4 Nf6 5. Nc3 a6 6. Bg5 e6 7. f4 h6 8. Bh4
Qb6 9. a3 Be7 10. Bf2 Qc7 11. Qf3 Nbd7 12. O-O-O b5 13. g4 Bb7 14. h4 Nc5 15.
Bd3 d5 16. e5 Nfe4 17. Be1 Nxd3+ 18. Rxd3 O-O-O 19. g5 Bc5 20. Nce2 hxg5 21.
hxg5 g6 22. Kb1 Kb8 23. Rh6 Rc8 24. Qh3 Rhe8 25. Rh7 Bb6 26. Qe3 Rh8 27. Rh6
Qd7 28. Qc1 Rhe8 29. Qd1 a5 30. b4 axb4 31. axb4 Re7 32. Rdh3 Bc6 33. Rh8 Ree8
34. Rxe8 Qxe8 35. Kb2 Bd7 36. Qd3 Rc4 37. c3 Qc8 38. Rh7 Be8 39. Rh8 Qd7 40.
Bd2 Nxd2 41. Qxd2 Rc8 42. Qd3 Kb7 43. Rh7 Rc4 44. Qh3 Rc7 45. Rh8 Rc8 46. Rh7
Rc7 47. Rg7 Kb8 48. Qh8 Rc8 49. Rg8 Bxd4 50. Nxd4 Qc7 51. Qh3 Qc4 52. Rh8 Kc7
53. Qe3 Ra8 54. Nb3 Qc6 55. Qc5 Qxc5 56. Nxc5 Kd8 57. Nb7+ Ke7 58. Nd6 Rb8 59.
Kc2 Rd8 60. Kd3 Bd7 61. Rxd8 Kxd8 62. Kd4 1-0

[Event "Moscow Aeroflot op-A"]
[Site "Moscow"]
[Date "2020.02.26"]
[Round "8"]
[White "Jumabayev, Rinat"]
[Black "Yilmaz, Mustafa"]
[Result "1/2-1/2"]
[WhiteElo "2646"]
[BlackElo "2607"]
[PlyCount "100"]
[EventDate "2020.02.19"]
[EventType "swiss"]
[EventRounds "9"]
[EventCountry "RUS"]
[SourceTitle "CBM 195"]
[Source "ChessBase"]
[SourceDate "2020.04.30"]
[SourceVersion "1"]
[SourceVersionDate "2020.04.30"]
[SourceQuality "1"]

1. c4 e6 2. Nc3 d5 3. d4 Nf6 4. cxd5 exd5 5. Bg5 c6 6. e3 Be7 7. Bd3 Nbd7 8.
Nge2 O-O 9. Qc2 Re8 10. O-O Nf8 11. f3 g6 12. Bh4 Ne6 13. a4 Nh5 14. Bf2 a5 15.
Rad1 Nc7 16. e4 Na6 17. Qd2 Nb4 18. Bb1 Be6 19. Be3 Qd7 20. Nc1 Rad8 21. Qf2
Ng7 22. N1e2 f6 23. h3 Bf7 24. g4 b6 25. Ng3 Qc8 26. Kh2 Qb8 27. Kh1 c5 28.
exd5 c4 29. Nge4 Nxd5 30. Nxd5 Rxd5 31. Nc3 Rd7 32. d5 Rc8 33. d6 Bxd6 34. Ne4
Ne8 35. Bf4 Bxf4 36. Rxd7 b5 37. axb5 Qxb5 38. Rfd1 Rb8 39. Rd8 Be5 40. Rxb8
Qxb8 41. Nc3 Nc7 42. Ba2 Qb7 43. Qe2 Kg7 44. Rd2 Ne6 45. Qe4 Qa7 46. h4 Nf4 47.
Nd1 Qc7 48. Nc3 Qa7 49. Nd1 Qc7 50. Nc3 Qa7 1/2-1/2

[Event "Moscow Aeroflot op-A"]
[Site "Moscow"]
[Date "2020.02.26"]
[Round "8"]
[White "Kobalia, Mihail"]
[Black "Sadhwani, Raunak"]
[Result "1/2-1/2"]
[WhiteElo "2609"]
[BlackElo "2522"]
[PlyCount "99"]
[EventDate "2020.02.19"]
[EventType "swiss"]
[EventRounds "9"]
[EventCountry "RUS"]
[SourceTitle "CBM 195"]
[Source "ChessBase"]
[SourceDate "2020.04.30"]
[SourceVersion "1"]
[SourceVersionDate "2020.04.30"]
[SourceQuality "1"]

1. Nf3 c5 2. e4 Nc6 3. Bb5 g6 4. Bxc6 bxc6 5. O-O Bg7 6. Re1 Nh6 7. c3 O-O 8.
d3 d6 9. h3 e5 10. d4 exd4 11. cxd4 f5 12. Nc3 fxe4 13. Nxe4 Nf5 14. dxc5 d5
15. Nd6 Qa5 16. Ne5 Qxc5 17. Nxc8 Rfxc8 18. Bf4 Re8 19. Bh2 Rac8 20. Rc1 Qa5
21. a3 Re6 22. b4 Qa6 23. Nf3 Rce8 24. Rxe6 Rxe6 25. g4 Ne7 26. Ng5 Rf6 27. Be5
h6 28. b5 cxb5 29. Rc7 Qb6 30. Rxe7 Qxf2+ 31. Kh1 hxg5 32. Bxf6 Qxf6 33. Qxd5+
Kh7 34. Qf7 Qa1+ 35. Kg2 Kh6 36. h4 Qb2+ 37. Qf2 Qxf2+ 38. Kxf2 Bf8 39. Re5
gxh4 40. Rxb5 Bxa3 41. Kg2 Bc1 42. Kf3 g5 43. Ra5 Bf4 44. Ra6+ Kg7 45. Rxa7+
Kf6 46. Ke4 h3 47. Ra6+ Ke7 48. Rh6 h2 49. Kf5 Kd7 50. Rxh2 1/2-1/2

[Event "Moscow Aeroflot op-A"]
[Site "Moscow"]
[Date "2020.02.26"]
[Round "8"]
[White "Kozak, Adam"]
[Black "Raja, Harshit"]
[Result "1/2-1/2"]
[WhiteElo "2523"]
[BlackElo "2472"]
[PlyCount "61"]
[EventDate "2020.02.19"]
[EventType "swiss"]
[EventRounds "9"]
[EventCountry "RUS"]
[SourceTitle "CBM 195"]
[Source "ChessBase"]
[SourceDate "2020.04.30"]
[SourceVersion "1"]
[SourceVersionDate "2020.04.30"]
[SourceQuality "1"]

1. Nf3 c5 2. c4 Nc6 3. g3 g6 4. Bg2 Bg7 5. Nc3 d6 6. O-O Bf5 7. d3 Qd7 8. Rb1
Bh3 9. Bxh3 Qxh3 10. Nd5 Qd7 11. Bd2 Nf6 12. Nxf6+ Bxf6 13. b4 b6 14. bxc5 bxc5
15. Bh6 Qc7 16. Qd2 Rb8 17. Qf4 Kd7 18. Qg4+ Kd8 19. Rb5 a6 20. Rbb1 Qc8 21.
Qe4 Kc7 22. Qe3 Qf5 23. Qd2 Rxb1 24. Rxb1 Rb8 25. Rxb8 Kxb8 26. Be3 Qc8 27. h4
Qb7 28. Ng5 Qb1+ 29. Kg2 Bxg5 30. hxg5 Nb4 31. a3 1/2-1/2

[Event "Moscow Aeroflot op-A"]
[Site "Moscow"]
[Date "2020.02.26"]
[Round "8"]
[White "Kozionov, Kirill"]
[Black "Mendonca, Leon Luke"]
[Result "1-0"]
[WhiteElo "2466"]
[BlackElo "2418"]
[PlyCount "107"]
[EventDate "2020.02.19"]
[EventType "swiss"]
[EventRounds "9"]
[EventCountry "RUS"]
[SourceTitle "CBM 195"]
[Source "ChessBase"]
[SourceDate "2020.04.30"]
[SourceVersion "1"]
[SourceVersionDate "2020.04.30"]
[SourceQuality "1"]

1. d4 Nf6 2. c4 e6 3. g3 d5 4. Nf3 Be7 5. Bg2 O-O 6. O-O dxc4 7. Qc2 b6 8. Bg5
Nd5 9. Bxe7 Qxe7 10. Ne5 c5 11. dxc5 Qxc5 12. Qxc4 Qxc4 13. Nxc4 Ba6 14. Ne3
Nd7 15. Nxd5 exd5 16. Nc3 Nf6 17. Rfd1 Rfd8 18. Nxd5 Nxd5 19. Rxd5 Rac8 20. e3
Bc4 21. Rxd8+ Rxd8 22. Bf3 Rd2 23. b3 Be2 24. Rc1 g6 25. Bxe2 Rxe2 26. a4 Rb2
27. Rc3 h5 28. Kg2 Kg7 29. h4 Kf6 30. Kf3 Ke6 31. e4 Kf6 32. Ke3 Ke6 33. f4 Rb1
34. Kd4 Rd1+ 35. Kc4 a6 36. Rd3 Rc1+ 37. Kb4 Rc5 38. Ka3 a5 39. Kb2 Rc6 40. Rc3
Rd6 41. Kc2 Ke7 42. Rc7+ Kf8 43. Rb7 Rd4 44. Rxb6 Rxe4 45. Rb5 Re2+ 46. Kb1 Re3
47. Kb2 Rxg3 48. Rxa5 Rg4 49. Rc5 Rxh4 50. a5 Rxf4 51. a6 Rf6 52. Ra5 Rxa6 53.
Rxa6 h4 54. Kc2 1-0

[Event "Moscow Aeroflot op-A"]
[Site "Moscow"]
[Date "2020.02.26"]
[Round "8"]
[White "Krishna, CRG."]
[Black "Sindarov, Javokhir"]
[Result "1/2-1/2"]
[WhiteElo "2443"]
[BlackElo "2537"]
[PlyCount "96"]
[EventDate "2020.02.19"]
[EventType "swiss"]
[EventRounds "9"]
[EventCountry "RUS"]
[SourceTitle "CBM 195"]
[Source "ChessBase"]
[SourceDate "2020.04.30"]
[SourceVersion "1"]
[SourceVersionDate "2020.04.30"]
[SourceQuality "1"]

1. d4 Nf6 2. c4 c5 3. d5 g6 4. Nc3 Bg7 5. Nf3 O-O 6. e4 d6 7. Bd3 e6 8. O-O
exd5 9. cxd5 Bg4 10. h3 Bxf3 11. Qxf3 Nbd7 12. Qd1 a6 13. a4 Re8 14. Bf4 c4 15.
Bc2 Nc5 16. Re1 Qb6 17. Rb1 Nfd7 18. Be3 Qa5 19. f4 b5 20. Bd2 b4 21. Na2 Rab8
22. Kh1 Rb7 23. Re2 Reb8 24. Nc1 Nf6 25. b3 c3 26. Be1 Re8 27. e5 dxe5 28. fxe5
Nh5 29. Qd4 Nd7 30. Nd3 Nxe5 31. Rxe5 Rbe7 32. Rxe7 Bxd4 33. Rxe8+ Kg7 34. Re4
Qb6 35. a5 Qa7 36. Nxb4 Bf2 37. Bxc3+ f6 38. Rg4 Ng3+ 39. Rxg3 Bxg3 40. Rf1 Qc5
41. Bxf6+ Kh6 42. Rf3 Bc7 43. Rc3 Qd6 44. Rxc7 Qxc7 45. Nc6 Qf4 46. Ne5 Qc1+
47. Kh2 Qf4+ 48. Kh1 Qc1+ 1/2-1/2

[Event "Moscow Aeroflot op-A"]
[Site "Moscow"]
[Date "2020.02.26"]
[Round "8"]
[White "Kunin, Vitaly L"]
[Black "Aditya, Mittal"]
[Result "1-0"]
[WhiteElo "2550"]
[BlackElo "2427"]
[PlyCount "71"]
[EventDate "2020.02.19"]
[EventType "swiss"]
[EventRounds "9"]
[EventCountry "RUS"]
[SourceTitle "CBM 195"]
[Source "ChessBase"]
[SourceDate "2020.04.30"]
[SourceVersion "1"]
[SourceVersionDate "2020.04.30"]
[SourceQuality "1"]

1. e4 c5 2. Nc3 Nc6 3. Nge2 Nf6 4. g3 g6 5. Bg2 Bg7 6. O-O O-O 7. d3 d6 8. h3
Rb8 9. Be3 b5 10. Qd2 b4 11. Nd1 Nd7 12. Bh6 Bxh6 13. Qxh6 Nd4 14. Qd2 a5 15.
Ne3 Bb7 16. f4 f5 17. c3 bxc3 18. bxc3 Nxe2+ 19. Qxe2 c4 20. exf5 cxd3 21. Qxd3
Bxg2 22. Kxg2 gxf5 23. Qd5+ Kh8 24. Nxf5 Rb2+ 25. Rf2 Rxf2+ 26. Kxf2 e6 27.
Qxe6 Qb6+ 28. Kf3 Qc6+ 29. Kg4 Nf6+ 30. Kh4 Qf3 31. g4 Qf2+ 32. Ng3 Nxg4 33.
Rf1 Qe3 34. Qxd6 Rf6 35. Qd8+ Kg7 36. Nh5+ 1-0

[Event "Moscow Aeroflot op-A"]
[Site "Moscow"]
[Date "2020.02.26"]
[Round "8"]
[White "Lobanov, Sergei"]
[Black "Soumya, Swaminathan"]
[Result "1-0"]
[WhiteElo "2507"]
[BlackElo "2369"]
[PlyCount "77"]
[EventDate "2020.02.19"]
[EventType "swiss"]
[EventRounds "9"]
[EventCountry "RUS"]
[SourceTitle "CBM 195"]
[Source "ChessBase"]
[SourceDate "2020.04.30"]
[SourceVersion "1"]
[SourceVersionDate "2020.04.30"]
[SourceQuality "1"]

1. e4 c5 2. Nf3 Nc6 3. d4 cxd4 4. Nxd4 Nf6 5. Nc3 d6 6. Bg5 e6 7. Qd3 a6 8.
Nxc6 bxc6 9. O-O-O Be7 10. Qg3 Qa5 11. h4 Bb7 12. Be2 O-O-O 13. h5 Rhg8 14. Kb1
h6 15. Be3 g6 16. hxg6 Rxg6 17. Qh3 Rdg8 18. g3 c5 19. Nd5 Nxd5 20. exd5 Kc7
21. Bh5 Rf6 22. c4 Qb4 23. Qf1 exd5 24. cxd5 Rxg3 25. Bd2 Qe4+ 26. Ka1 Bf8 27.
fxg3 Rxf1 28. Rhxf1 Bxd5 29. Bxf7 Bc6 30. Bb3 Qe8 31. Rde1 Qc8 32. Ba5+ Kb8 33.
Be6 Bd7 34. Bxd7 Qxd7 35. Rxf8+ Kb7 36. Rf6 h5 37. Bc3 Qd8 38. Ree6 d5 39. Rf7+
1-0

[Event "Moscow Aeroflot op-A"]
[Site "Moscow"]
[Date "2020.02.26"]
[Round "8"]
[White "Maghsoodloo, Parham"]
[Black "Suleymanli, Aydin Elshan"]
[Result "0-1"]
[WhiteElo "2674"]
[BlackElo "2474"]
[PlyCount "54"]
[EventDate "2020.02.19"]
[EventType "swiss"]
[EventRounds "9"]
[EventCountry "RUS"]
[SourceTitle "CBM 195"]
[Source "ChessBase"]
[SourceDate "2020.04.30"]
[SourceVersion "1"]
[SourceVersionDate "2020.04.30"]
[SourceQuality "1"]

1. c4 e6 2. Nc3 d5 3. d4 Be7 4. cxd5 exd5 5. Bf4 Nf6 6. e3 Bf5 7. Qb3 Nc6 8.
Qxb7 Nb4 9. Rc1 O-O 10. Qxc7 Qxc7 11. Bxc7 Rfc8 12. Bf4 Ne4 13. f3 Nxc3 14.
bxc3 g5 15. Bg3 a5 16. a4 Na2 17. Ra1 Nxc3 18. Ne2 Bb4 19. Kf2 Bc2 20. Nxc3
Bxc3 21. Ra2 Bb1 22. Re2 Rc4 23. Rc2 Be1+ 24. Kxe1 Rxc2 25. h4 Rac8 26. Bd6
R8c3 27. hxg5 Rb2 0-1

[Event "Moscow Aeroflot op-A"]
[Site "Moscow"]
[Date "2020.02.26"]
[Round "8"]
[White "Martirosyan, Haik M"]
[Black "Nesterov, Arseniy"]
[Result "1/2-1/2"]
[WhiteElo "2630"]
[BlackElo "2501"]
[PlyCount "57"]
[EventDate "2020.02.19"]
[EventType "swiss"]
[EventRounds "9"]
[EventCountry "RUS"]
[SourceTitle "CBM 195"]
[Source "ChessBase"]
[SourceDate "2020.04.30"]
[SourceVersion "1"]
[SourceVersionDate "2020.04.30"]
[SourceQuality "1"]

1. d4 d5 2. c4 c6 3. Nf3 Nf6 4. Nc3 dxc4 5. a4 Bf5 6. e3 e6 7. Bxc4 Bb4 8. O-O
O-O 9. Qe2 Nbd7 10. e4 Bg6 11. Bd3 Bh5 12. e5 Nd5 13. Nxd5 cxd5 14. Qe3 Be7 15.
Bd2 Nb8 16. Ne1 Bg6 17. Bxg6 fxg6 18. Nd3 Nc6 19. b4 a6 20. Nc5 Bxc5 21. dxc5
Qh4 22. b5 axb5 23. axb5 Rxa1 24. Rxa1 Nd4 25. Rb1 Nc2 26. Qe2 Nd4 27. Qe3 Nc2
28. Qe2 Nd4 29. Qe3 1/2-1/2

[Event "Moscow Aeroflot op-A"]
[Site "Moscow"]
[Date "2020.02.26"]
[Round "8"]
[White "Moroni, Luca Jr"]
[Black "Buksa, Nataliya"]
[Result "1-0"]
[WhiteElo "2536"]
[BlackElo "2403"]
[PlyCount "53"]
[EventDate "2020.02.19"]
[EventType "swiss"]
[EventRounds "9"]
[EventCountry "RUS"]
[SourceTitle "CBM 195"]
[Source "ChessBase"]
[SourceDate "2020.04.30"]
[SourceVersion "1"]
[SourceVersionDate "2020.04.30"]
[SourceQuality "1"]

1. c4 e6 2. Nc3 d5 3. d4 Be7 4. Nf3 Nf6 5. Bg5 Nbd7 6. cxd5 exd5 7. e3 c6 8.
Bd3 Nf8 9. O-O Ne6 10. Bh4 g6 11. Rb1 a5 12. Na4 O-O 13. Rc1 Re8 14. Qb3 b5 15.
Nc3 a4 16. Qd1 Nh5 17. Bxe7 Rxe7 18. Ne5 Bd7 19. f4 Nhg7 20. Qf3 f5 21. a3 Qe8
22. Bxb5 cxb5 23. Nxd5 Rf7 24. Nxd7 Qxd7 25. Nb6 Qa7 26. Qxa8+ Qxa8 27. Nxa8
1-0

[Event "Moscow Aeroflot op-A"]
[Site "Moscow"]
[Date "2020.02.26"]
[Round "8"]
[White "Petrosyan, Manuel"]
[Black "Aravindh, Chithambaram VR"]
[Result "1/2-1/2"]
[WhiteElo "2590"]
[BlackElo "2630"]
[PlyCount "74"]
[EventDate "2020.02.19"]
[EventType "swiss"]
[EventRounds "9"]
[EventCountry "RUS"]
[SourceTitle "CBM 195"]
[Source "ChessBase"]
[SourceDate "2020.04.30"]
[SourceVersion "1"]
[SourceVersionDate "2020.04.30"]
[SourceQuality "1"]

1. d4 d5 2. c4 dxc4 3. e3 Nf6 4. Bxc4 e6 5. Nf3 c5 6. O-O Nc6 7. Nc3 a6 8. dxc5
Qxd1 9. Rxd1 Bxc5 10. Nd2 O-O 11. Nb3 Ba7 12. Be2 Ne5 13. Na5 b6 14. Nc4 Nxc4
15. Bxc4 Bb7 16. a4 Rfd8 17. Bd2 Rac8 18. Be2 Bb8 19. Be1 g5 20. f3 Be5 21.
Rxd8+ Rxd8 22. Rd1 Rxd1 23. Bxd1 Kf8 24. h3 h6 25. Kf1 Nd7 26. Ke2 Ke7 27. Kd2
f5 28. Kc2 Bd6 29. Be2 Nf6 30. Bd2 Bc5 31. Bd3 Nd7 32. b4 Bd6 33. e4 Kf6 34.
exf5 exf5 35. Ne2 h5 36. Bc3+ Be5 37. Be1 Bc6 1/2-1/2

[Event "Moscow Aeroflot op-A"]
[Site "Moscow"]
[Date "2020.02.26"]
[Round "8"]
[White "Pogosyan, Stefan"]
[Black "Can, Emre"]
[Result "1-0"]
[WhiteElo "2455"]
[BlackElo "2600"]
[PlyCount "95"]
[EventDate "2020.02.19"]
[EventType "swiss"]
[EventRounds "9"]
[EventCountry "RUS"]
[SourceTitle "CBM 195"]
[Source "ChessBase"]
[SourceDate "2020.04.30"]
[SourceVersion "1"]
[SourceVersionDate "2020.04.30"]
[SourceQuality "1"]

1. c4 e5 2. Nc3 Nc6 3. g3 g6 4. Bg2 Bg7 5. d3 d6 6. Nf3 Nf6 7. O-O O-O 8. Rb1
a5 9. a3 Re8 10. Bg5 h6 11. Bxf6 Bxf6 12. b4 axb4 13. axb4 Bg7 14. Nd2 e4 15.
b5 Ne7 16. Qc2 e3 17. fxe3 Nf5 18. Rxf5 Bxf5 19. Bxb7 Rxe3 20. Bxa8 Qxa8 21.
Nde4 Bd4 22. Nf2 h5 23. Nd5 h4 24. Qd2 hxg3 25. Nxe3 gxf2+ 26. Kxf2 Qd8 27. Ke1
Qg5 28. Nf1 Qg1 29. Qf4 Be5 30. Qf3 Bg4 31. Qa8+ Kg7 32. Kd2 Qf2 33. Ng3 Bf4+
34. Kc3 Bxe2 35. Qa2 Be5+ 36. Kb3 Bxg3 37. hxg3 Qf3 38. Qa1+ f6 39. Qd4 Bxd3
40. Re1 Kf7 41. Kb4 Be2 42. Qd2 Bf1 43. Qd5+ Qxd5 44. cxd5 Bg2 45. Rc1 Bxd5 46.
Rxc7+ Ke6 47. Kc3 Kf5 48. Kd4 1-0

[Event "Moscow Aeroflot op-A"]
[Site "Moscow"]
[Date "2020.02.26"]
[Round "8"]
[White "Praggnanandhaa, Rameshbabu"]
[Black "Zanan, Evgeny"]
[Result "1-0"]
[WhiteElo "2602"]
[BlackElo "2500"]
[PlyCount "111"]
[EventDate "2020.02.19"]
[EventType "swiss"]
[EventRounds "9"]
[EventCountry "RUS"]
[SourceTitle "CBM 195"]
[Source "ChessBase"]
[SourceDate "2020.04.30"]
[SourceVersion "1"]
[SourceVersionDate "2020.04.30"]
[SourceQuality "1"]

1. e4 c5 2. Nf3 d6 3. d4 cxd4 4. Nxd4 Nf6 5. Nc3 a6 6. Bd3 e5 7. Nde2 Be7 8.
O-O O-O 9. Ng3 Be6 10. Nd5 Bxd5 11. exd5 g6 12. Bh6 Re8 13. c4 Nbd7 14. Rc1 Bf8
15. Be3 a5 16. b3 Bg7 17. a3 Qc7 18. Bb1 h5 19. h3 Nc5 20. b4 axb4 21. axb4 Na6
22. Qb3 b6 23. Ne2 Qb7 24. Nc3 Nc7 25. Rfd1 Rec8 26. Bd3 Kh7 27. Bg5 Qa7 28.
Qb1 Ng8 29. Be2 Bh6 30. h4 Kg7 31. Ne4 Ne8 32. c5 bxc5 33. bxc5 dxc5 34. d6
Nef6 35. Bc4 Rab8 36. Qd3 Qd7 37. Ba6 Rd8 38. Nxc5 Qg4 39. Qe3 e4 40. Be2 Qf5
41. Na6 Rb2 42. Rc7 Qe5 43. d7 Ra2 44. Rc5 Qb2 45. Bb5 Rxd7 46. Bxd7 Rxa6 47.
Bh3 Ra3 48. Qf4 Qe2 49. Rd6 Qe1+ 50. Kh2 Rf3 51. gxf3 Qxf2+ 52. Bg2 exf3 53.
Bxf6+ Kh7 54. Qxf3 Qxc5 55. Rd5 Qb4 56. Bg5 1-0

[Event "Moscow Aeroflot op-A"]
[Site "Moscow"]
[Date "2020.02.26"]
[Round "8"]
[White "Pranesh, M."]
[Black "Stupak, Kirill"]
[Result "0-1"]
[WhiteElo "2425"]
[BlackElo "2518"]
[PlyCount "146"]
[EventDate "2020.02.19"]
[EventType "swiss"]
[EventRounds "9"]
[EventCountry "RUS"]
[SourceTitle "CBM 195"]
[Source "ChessBase"]
[SourceDate "2020.04.30"]
[SourceVersion "1"]
[SourceVersionDate "2020.04.30"]
[SourceQuality "1"]

1. e4 c6 2. d4 d5 3. e5 c5 4. dxc5 Nc6 5. Nf3 Bg4 6. c3 a6 7. Be3 Nxe5 8. Nbd2
Nf6 9. Be2 Nxf3+ 10. Nxf3 e6 11. Qa4+ Qd7 12. Qf4 Bxf3 13. Bxf3 Be7 14. O-O O-O
15. b4 Rfd8 16. Bd4 Qa4 17. Bd1 Qc6 18. Bc2 Nd7 19. Rae1 Bf6 20. Bxf6 Nxf6 21.
Re3 h6 22. Qd4 b6 23. cxb6 Rab8 24. Bd3 Qxb6 25. a3 Rdc8 26. Ree1 Ne8 27. Bb1
Qxd4 28. cxd4 a5 29. bxa5 Ra8 30. Rc1 Rxc1 31. Rxc1 Rxa5 32. Rc3 Ra4 33. Bd3
Nd6 34. f3 Kf8 35. Kf2 Rxd4 36. Ke3 Ra4 37. Kd2 Ke7 38. Kc2 d4 39. Kb3 Rxa3+
40. Kxa3 dxc3 41. Kb3 Kf6 42. Kxc3 Ke5 43. g3 g5 44. Ba6 h5 45. Kd3 Nf5 46. Ke2
h4 47. Kf2 Kd4 48. Bb5 Kc3 49. Be8 hxg3+ 50. hxg3 Nd6 51. Bc6 Kd2 52. f4 g4 53.
Bd7 Ne4+ 54. Kg2 Ke1 55. Be8 Nd6 56. Bd7 Nf5 57. Be8 f6 58. Bd7 Ne3+ 59. Kg1
Ke2 60. Bc6 e5 61. fxe5 fxe5 62. Be4 Nd1 63. Bf5 Nf2 64. Kg2 e4 65. Bd7 e3 66.
Bb5+ Kd2 67. Bf1 e2 68. Kh2 exf1=R 69. Kg2 Ke2 70. Kh2 Nd3 71. Kg2 Ne5 72. Kh2
Nf3+ 73. Kg2 Rg1# 0-1

[Event "Moscow Aeroflot op-A"]
[Site "Moscow"]
[Date "2020.02.26"]
[Round "8"]
[White "Radovanovic, Mihajlo"]
[Black "Sivuk, Vitaly"]
[Result "1/2-1/2"]
[WhiteElo "2458"]
[BlackElo "2557"]
[PlyCount "51"]
[EventDate "2020.02.19"]
[EventType "swiss"]
[EventRounds "9"]
[EventCountry "RUS"]
[SourceTitle "CBM 195"]
[Source "ChessBase"]
[SourceDate "2020.04.30"]
[SourceVersion "1"]
[SourceVersionDate "2020.04.30"]
[SourceQuality "1"]

1. d4 d5 2. c4 e6 3. Nf3 Nf6 4. Nc3 c5 5. cxd5 exd5 6. g3 Nc6 7. Bg2 cxd4 8.
Nxd4 Bc5 9. Nb3 Bb6 10. O-O d4 11. Na4 O-O 12. Bxc6 bxc6 13. Nxb6 axb6 14. Qxd4
c5 15. Qc3 Bb7 16. f3 Nd5 17. Qd2 f5 18. a3 Qe8 19. Qc2 Qa4 20. Bd2 Rae8 21.
Rae1 f4 22. Rf2 Rf6 23. Na1 Qd4 24. Nb3 Qa4 25. Na1 Qd4 26. Nb3 1/2-1/2